000 00626nam a2200241 a 4500
001 nice12345678
003 IN_TiNIC
005 20260116013511.0
008 050524s1995 dela grp 000 0 eng
020 _a
_c350
082 0 0 _a954.025
_bJAH
100 _aJahangir, Nooruddin Saleem
245 _aMemoirs of the Emperor Jahangueir
260 _aDelhi
_bMittal Publication
_c1995
300 _a247p
500 _aincludes index and biblioraphy
505 2 _aReprint. Originally Pub. in 1904
650 _aJahangir-Memoirs
650 _aIndia-History Mughal
902 _bSRS
942 _cBK
999 _c11227
_d11227